Statistiken für Länder, in denen die meisten Sojabohnen produzieren

Klicken Sie hier um das Quiz zu spielen!

Allgemein

  • Dieses Quiz wurde 51 mal gespielt
  • Das Durchschnittsergebnis liegt bei 12 aus 20

Antwortstatistiken

1000 TonnenLand% Korrekt
158 339Vereinigte Staaten
98%
11 966China
95%
96 297Brasilien
93%
58 799Argentinien
91%
14 008Indien
86%
509Mexiko
86%
5827Kanada
84%
968Indonesien
82%
3135Russland
75%
339Frankreich
57%
742Südafrika
57%
3205Bolivien
55%
1081Italien
55%
2208Uruguay
52%
9163Paraguay
48%
588Nigeria
43%
4277Ukraine
43%
263Rumänien
18%
348Nordkorea
14%
576Serbien
5%

Verteilung der Resultate

Perzentil nach korrekt beantworteten Fragen

Anzahl Personen mit jedem Resultat

Ihre Resultats-Entwicklung

Sie haben dieses Quiz noch nicht gespielt